Úžitok sa stráca v nekvalitnom krme V okrese Košice-vidiek najlepší, ale s rezervami

Bibliographic Details
Main Author: Husáková, Marta (Author)
Format: Article
Language:Slovak
Subjects:

MARC

LEADER 00000nab a2200000 a 4500
001 vtls000076054
003 SK-MaSNL
005 20260303021850.0
008 111103c1981 xo 0 slo
015 |a SNBRB19rr/mm-uuuuu 
035 |a CL0086155 
040 |a SNKBUCL  |b slo  |c SNKBUCL  |e AACR2 
041 0 |a slo 
044 |a xo  |c SK 
080 |a 631.1  |2 1981 
100 1 |a Husáková, Marta  |4 aut  |9 450750 
245 1 0 |a Úžitok sa stráca v nekvalitnom krme  |b V okrese Košice-vidiek najlepší, ale s rezervami  |c Marta Husáková 
650 0 7 |a družstvá roľnícke  |2 snkbucl  |9 881518 
650 0 7 |a štátne majetky  |2 snkbucl  |9 51069 
651 7 |a 5404  |2 snkbucl  |9 351966 
655 7 |a články z novín a časopisov  |2 snkbucl  |9 267496 
773 0 |t Pravda  |g Roč. 62, č. 11 (14. 1. 1981), s. 1-2 
850 |a Slovenská národná knižnica v Martine  |a MTA001 
852 |a SNK  |b KIS3GCP 
958 |a RK 
992 |a RBX 
999 |c 1625550  |d 1627480